Online
Catalog

Bajo las alusiones / (Record no. 5743)

MARC details
000 -CABECERA
campo de control de longitud fija 00729cam a2200217 a 4500
001 - NÚMERO DE CONTROL
campo de control 000005947
005 - FECHA Y HORA DE LA ÚLTIMA TRANSACCIÓN
campo de control 20200929151844.0
008 - DATOS DE LONGITUD FIJA--INFORMACIÓN GENERAL
campo de control de longitud fija 801117s1978 sp 001 p spa
020 ## - NÚMERO INTERNACIONAL ESTÁNDAR DEL LIBRO
Número Internacional Estándar del Libro 8400044053
040 ## - FUENTE DE LA CATALOGACIÓN
Centro catalogador/agencia de origen DO-SdBNP
Lengua de catalogación spa
Centro/agencia transcriptor BNPHU
082 ## - NÚMERO DE LA CLASIFICACIÓN DECIMAL DEWEY
Número de clasificación 861.64
Número de documento/Ítem P181b
100 1# - ENTRADA PRINCIPAL--NOMBRE DE PERSONA
Nombre de persona Palomero, Visitación,
Fechas asociadas al nombre 1954-
9 (RLIN) 16752
245 10 - MENCIÓN DE TÍTULO
Título Bajo las alusiones /
Mención de responsabilidad, etc. Visitación Palomero.
260 ## - PUBLICACIÓN, DISTRIBUCIÓN, ETC.
Lugar de publicación, distribución, etc. Zaragoza, España :
Nombre del editor, distribuidor, etc. Institución Fernando el Católico,
Fecha de publicación, distribución, etc. [1978].
300 ## - DESCRIPCIÓN FÍSICA
Extensión 56 p. ;
Dimensiones 25 cm.
490 1# - MENCIÓN DE SERIE
Mención de serie "San Jorge"
Designación de volumen o secuencia vol. 19
490 1# - MENCIÓN DE SERIE
Mención de serie Publicación de la Institución Fernando el Católico
Designación de volumen o secuencia no. 705
586 ## - NOTA DE PREMIOS
Nota de premios Premio "San Jorge", 1978.
650 #4 - PUNTO DE ACCESO ADICIONAL DE MATERIA--TÉRMINO DE MATERIA
Término de materia o nombre geográfico como elemento de entrada Poesía española
9 (RLIN) 631
650 #4 - PUNTO DE ACCESO ADICIONAL DE MATERIA--TÉRMINO DE MATERIA
Término de materia o nombre geográfico como elemento de entrada Literatura española
Subdivisión cronológica SIGLO XXI
9 (RLIN) 4846
Holdings
Estado de retiro Estado de pérdida Restricciones de uso No para préstamo Código de colección Localización permanente Ubicación/localización actual Ubicación en estantería Fecha de adquisición Número de inventario Total de préstamos Signatura topográfica completa Código de barras Fecha visto por última vez Precio válido a partir de Tipo de ítem Koha Número de copia
      Excluido de préstamo Monografías: Libros y Folletos General General Depósito 24.08.2009 LF1   861.64 P181b 5947-10 25.06.2020 25.06.2020 No se presta  
  Extraviado   Excluido de préstamo Monografías: Libros y Folletos General General Extraviado 18.05.2017 LF1   861.64 P181b 5947-20 25.06.2020 25.06.2020 No se presta e. 2

Powered by Koha